Основы теории информационно-измерительных и управляющих систем

Podrobná bibliografie
Hlavní autor: Новиков Н. Ю. Николай Юрьевич
Shrnutí:В книге изложен новый, достаточно общий и эффективно применимый на практике подход к анализу и синтезу информационно-измерительных и управляющим систем. Впервые в основу математической интерпретации и принципов построения этих систем положены фундаментальные и чрезвычайно перспективные конструкции анализа — фильтры Картана и направленности (обобщенные последовательности или сети) Мура и Смита, а также методы теории множеств, топологии и функционального анализа. Аппарат моделирования и исследования свойств информационно-измерительных и управляющих систем не ограничен применимостью понятия метрики или другой концепции, использующей понятие числа, не сводится к применению в этих системах только физических величин. Полученные результаты применимы в самых разнообразных классических и неклассических приложениях информационно-измерительных и управляющих систем, в математической и технической физике, в теориях алгоритмической и информационной сложности, в технологиях многоуровневого поиска в больших базах данных, в медицине, биологии и биоинформатике, генной инженерии, при создании систем искусственного интеллекта, нейросетей и виртуальных аналогов (цифровых двойников) реальных объектов, при разработке тест-систем и моделировании социальных сетей. Книга предназначена широкому кругу специалистов и научных работников, использующих современные информационные технологии в области естественных, технических, биологических и социальных наук. Может быть использована как учебное пособие для аспирантов и студентов высших учебных заведений.
Jazyk:ruština
Vydáno: Москва, Физматлит, 2022
Témata:
Médium: MixedMaterials Kniha
KOHA link:https://koha.lib.tpu.ru/cgi-bin/koha/opac-detail.pl?biblionumber=347457

MARC

LEADER 00000nam0a2200000 4500
001 347457
005 20231102010011.0
010 |a 9785922119085 
035 |a (RuTPU)RU\TPU\book\379372 
090 |a 347457 
100 |a 20220418d2022 km y0rusy50 ca 
101 0 |a rus 
102 |a RU 
105 |a a z 001zy 
200 1 |a Основы теории информационно-измерительных и управляющих систем  |f Н. Ю. Новиков 
210 |a Москва  |c Физматлит  |d 2022 
215 |a 560 с.  |c ил. 
320 |a Библиогр.: с. 538-546 
320 |a Предметный указатель: с. 547-556 
330 |a В книге изложен новый, достаточно общий и эффективно применимый на практике подход к анализу и синтезу информационно-измерительных и управляющим систем. Впервые в основу математической интерпретации и принципов построения этих систем положены фундаментальные и чрезвычайно перспективные конструкции анализа — фильтры Картана и направленности (обобщенные последовательности или сети) Мура и Смита, а также методы теории множеств, топологии и функционального анализа. Аппарат моделирования и исследования свойств информационно-измерительных и управляющих систем не ограничен применимостью понятия метрики или другой концепции, использующей понятие числа, не сводится к применению в этих системах только физических величин. Полученные результаты применимы в самых разнообразных классических и неклассических приложениях информационно-измерительных и управляющих систем, в математической и технической физике, в теориях алгоритмической и информационной сложности, в технологиях многоуровневого поиска в больших базах данных, в медицине, биологии и биоинформатике, генной инженерии, при создании систем искусственного интеллекта, нейросетей и виртуальных аналогов (цифровых двойников) реальных объектов, при разработке тест-систем и моделировании социальных сетей. Книга предназначена широкому кругу специалистов и научных работников, использующих современные информационные технологии в области естественных, технических, биологических и социальных наук. Может быть использована как учебное пособие для аспирантов и студентов высших учебных заведений. 
606 1 |a Измерительные информационные системы  |2 stltpush  |3 (RuTPU)RU\TPU\subj\68091  |9 83629 
610 1 |a управляющие системы 
610 1 |a теория 
610 1 |a шкалы-фильтры 
610 1 |a шкалы-решетки 
610 1 |a шкалы-направленности 
610 1 |a фундаментальные константы 
610 1 |a кодирование 
610 1 |a измерение 
610 1 |a управление 
610 1 |a многомерные шкалы 
610 1 |a построение 
610 1 |a процедуры 
610 1 |a иерархия 
610 1 |a топологическая структура 
675 |a 681.518.3  |v 4 
700 1 |a Новиков  |b Н. Ю.  |g Николай Юрьевич 
801 1 |a RU  |b 63413507  |c 20220418 
801 2 |a RU  |b 63413507  |c 20220603  |g RCR 
942 |c BK